=LDR 00000nam 2200000 4500 =001 INLIS000000000002960 =005 20200611075035 =035 ##$$a 0010-061300000002960 =008 200611################g##########0#ind## =041 ##$$a Ind =082 ##$$a 2X4.12 =090 ##$$a 2X4.12, Jun g =100 ##$$a Junus MS =245 1#$$a Gerak shalat dalam animasi, /$c H. Junus MS =260 ##$$a Jakarta :$b Salam =300 ##$$a 140 hlm. : $b Ilus ; $c 20 x 13 cm. =650 #4$$a Shalat =850 ##$$a NBPNMAT =084 ##$$a 2X4.12 JUN g =250 ##$$a cet. 1 =990 ##$$a DW00011558 =990 ##$$a DW00011559 =990 ##$$a DW00011560 =990 ##$$a DW00011561